000 01170nam a2200313 i 4500
001 768714001
003 CO-MdFUSB
005 20210922124515.0
007 ta
008 170524t1988 sp |||| |||| 00| 0 spa d
020 _a8470574248
040 _aCO-MdFUSB
_bspa
_cCO-MdFUSB
_dCO-MdFUSBC
_erda
041 _aspa
082 0 4 _a220.7
_223
_bS337m
100 1 _aAlonso Schokel, Luis (1920-1998)
_eautor
245 1 0 _aManual de poética hebrea
_c/ L. Alonso Schökel
264 1 _aMadrid :
_b Cristiandad,
_c[1988]
264 4 _c© 1988
300 _a251 páginas
_c; 21 cm
336 _2rdacontent
_atexto
_btxt
337 _2rdamedia
_asin mediación
_bn
338 _2rdacarrier
_avolumen
_bnc
505 _aHistoria -- Géneros poéticos -- El material sonoro -- Ritmo -- Paralelismos -- Sinominia, repetición, merismo -- Antítesis y expresión polar -- Imágenes -- Figuras -- Preguntas, exclamación, apóstrofe, sentencia... -- Ironía, sarcasmo, humor -- Elipsis. Hipérbole -- Diálogo y monólogo -- Desarrollo y composición
563 _arústica
650 7 _aPoesía hebrea
_9488
653 _aPoesía religiosa
942 _cBK
945 _aJTF-925
999 _c44363
_d44363